000 00548nam a22001817a 4500
003 0
005 20251114123135.0
008 251114b xxu||||| |||| 00| 0 eng d
020 _a0-446-69129-1
050 _aBF 412
_b.B56 2002
100 _aBloom, Harold,
_eauthor.
245 _aGenius :
_ba mosaic of one hundred exemplary creative minds /
_cHarold Bloom.
260 _aNew York, NY :
_bWarner Books, Inc.,
_c2002.
300 _axviii, 814 pages :
_billustrations ;
_c23 cm.
650 _aGenius.
650 _aGifted persons.
942 _2lcc
_cBK
999 _c368648
_d368648